000 00346nam a22001457a 4500
020 _a81-8999-02-8
082 _a823
_bFER/A
100 _aFERNANDES, LUIS
245 _aTHE ADVENTURES OF KALIA
260 _aMUMBAI
_bAMAR CHITHRA KATHA
300 _a72
520 _aENGLISH SHORT STORIES
650 _aENGLISH SHORT STORIES
_zMUMBAI
942 _cBK
999 _c5153
_d5153